Music Quiz

Random Music or Clickable Quiz

'Round Here' - Counting Crows Clicky-oke Quiz Stats

Quiz not verified by Sporcle

Challenge
Share
Tweet
Embed
Score 0/21 Timer 05:00
0 Plays Today
% Correct
Of the crumbling difference between wrong and right.
95.9%
Where no one notices the contrast of white on white.
94%
She says she's tired of life. She must be tired of something.
93.6%
Through the door I hear her crying. Why? I don't know.
92.6%
She said she'd like to meet a boy who looks like Elvis.
92%
Says 'Man you should try to take a shot. Can't you see my walls are crumbling?'
91.6%
Round here we stay up very, very, very, very late.
91.6%
She has trouble acting normal when she's nervous.
91.4%
Just like she's walking on a wire in the circus.
91.2%
Round here, hey man, got lots of time.
91.2%
Through myself and back again,
90.8%
% Correct
Says she's close to understanding Jesus.
90.8%
She says 'Shhh, I know it's only in my head'.
90.6%
Mama's little baby better get herself in, out of the lightning.
90.3%
Nothin'. Round here.
89.9%
Round here, we all look the same.
89.1%
Round here, something radiates.
87.9%
Round here, she's slipping through my hands.
85.4%
Oh man, I said 'I'm under the gun, around here.'
82.5%
Will you catch me cause I'm falling down on you?
60.6%
You catch me if I'm falling?
33.9%

You're not logged in!

Compare scores with friends on all Sporcle quizzes.
Sign Up with Email
OR
Log In

You Might Also Like...

Show Comments

Extras

Top Quizzes Today


Score Distribution

Your Account Isn't Verified!

In order to create a playlist on Sporcle, you need to verify the email address you used during registration. Go to your Sporcle Settings to finish the process.